000
00250nam a2200109Ia 4500
008
140130s9999 xx 000 0 und d
245
_c
Small-Gamby, Julie
_a
I will win!
260
_b
Scholastic,
_c
2002
440
_v
1
942
_c
BK
999
_c
42079
_d
42079